Unpopular essays / (Record no. 21034)
[ view plain ]
| 000 -LEADER | |
|---|---|
| fixed length control field | 01270cam a22002775a 4500 |
| 001 - CONTROL NUMBER | |
| control field | 15544633 |
| 005 - DATE AND TIME OF LATEST TRANSACTION | |
| control field | 20201128023619.0 |
| 008 - FIXED-LENGTH DATA ELEMENTS--GENERAL INFORMATION | |
| fixed length control field | 081204s2009 enk fr 001 0 eng d |
| 020 ## - INTERNATIONAL STANDARD BOOK NUMBER | |
| International Standard Book Number | 9780415473705 (pbk) |
| 040 ## - CATALOGING SOURCE | |
| Original cataloging agency | DLC |
| Transcribing agency | DLC |
| Modifying agency | YDX |
| -- | UKM |
| -- | BWK |
| -- | BTCTA |
| -- | YDXCP |
| -- | BWX |
| -- | DLC |
| -- | EG-ScBUE |
| Language of cataloging | eng |
| 082 04 - DEWEY DECIMAL CLASSIFICATION NUMBER | |
| Classification number | 192 |
| Edition number | 22 |
| Item number | RUS |
| 100 1# - MAIN ENTRY--PERSONAL NAME | |
| Personal name | Russell, Bertrand, |
| Dates associated with a name | 1872-1970 |
| 9 (RLIN) | 38711 |
| 245 10 - TITLE STATEMENT | |
| Title | Unpopular essays / |
| Statement of responsibility, etc | Bertrand Russell ; with an introduction by Kirk Willis. |
| 260 ## - PUBLICATION, DISTRIBUTION, ETC. (IMPRINT) | |
| Place of publication, distribution, etc | London ; |
| -- | New York : |
| Name of publisher, distributor, etc | Routledge, |
| Date of publication, distribution, etc | 2009. |
| 300 ## - PHYSICAL DESCRIPTION | |
| Extent | xv, 180 p. ; |
| Dimensions | 20 cm. |
| 490 0# - Series Statement | |
| Series statement | Routledge classics |
| 500 ## - GENERAL NOTE | |
| General note | Originally publishedas: London : George Allen & Unwin, 1950. |
| 500 ## - GENERAL NOTE | |
| General note | Index : p. 172-180. |
| 505 0# - FORMATTED CONTENTS NOTE | |
| Formatted contents note | Philosophy and politics -- Philosophy for laymen -- The future of mankind -- Philosophy's ulterior motives -- The superior virtue of the oppressed -- On being modern-minded -- An outline of intellectual rubbish -- The functions of a teacher -- Ideas that have helped mankind -- Ideas that have harmed mankind -- Eminent men I have known -- Obituary. |
| 650 #7 - SUBJECT ADDED ENTRY--TOPICAL TERM | |
| Topical term or geographic name as entry element | Philosophy. |
| Source of heading or term | BUEsh |
| 9 (RLIN) | 1597 |
| 651 ## - SUBJECT ADDED ENTRY--GEOGRAPHIC NAME | |
| Source of heading or term | BUEsh |
| 653 ## - INDEX TERM--UNCONTROLLED | |
| Resource For college | |
| Arrived date list | November2015 |
| 655 ## - INDEX TERM--GENRE/FORM | |
| Form subdivision | Reading book |
| -- | 34232 |
| 700 1# - ADDED ENTRY--PERSONAL NAME | |
| Personal name | Willis, Kirk, |
| Relator term | author of introduction, etc. |
| 942 ## - ADDED ENTRY ELEMENTS (KOHA) | |
| Source of classification or shelving scheme | Dewey Decimal Classification |
| Withdrawn status | Item status | Source of classification or shelving scheme | Damaged status | Not for loan | Vendor | Home library | Current library | Shelving location | Date acquired | Source of acquisition | Total Checkouts | Full call number | Barcode | Date last seen | Koha item type |
|---|---|---|---|---|---|---|---|---|---|---|---|---|---|---|---|
| Dewey Decimal Classification | Baccah | Central Library | Central Library | Lower Floor | 10/11/2015 | Purchase | 192 RUS | 000031295 | 15/07/2025 | Book - Borrowing |